000 00700nam a2200229 i 4500
001 C2-0256736
003 PPAK
005 20180727224041.0
008 040802s2003 my |||| ||||| | zxx d
020 _a983215572X
040 _aPPAK
_beng
_cPPAK
_erda
082 0 4 _a338.9595112
_223
090 0 0 _a338.9595112
_bPRO
_dKAR
245 0 0 _aProsiding seminar Kedah Maju 2010 :
_bmenjana pembangunan ekonomi yang dinamik dan seimbang
264 1 _aKuala Lumpur :
_bUnivision Press ,
_c2003
300 _ai, 513 pages ;
_c30 cm
336 _2rdacontent
_atext
337 _2rdamedia
_aunmediated
338 _2rdacarrier
_avolume
650 1 0 _aKedah - Economic conditions - Congresses
942 _ddc
_cB
999 _c68866
_d68866